Colección de semillas de coliflor y bróculi /

Guardado en:
Autor Principal: Nuez, F.
Autor Corporativo: Instituto Nacional de Investigación y Tecnología Agraria y Alimentaria (España)
Formato: Libro
Idioma:Spanish
Publicado: Madrid : Instituto Nacional de Investigación y Tecnología Agraria y Alimentaria, 1999.
Series:Monografias INIA : Agrícola, 1
Etiquetas: Agregar Etiqueta
Sin Etiquetas, Sea el primero en etiquetar este registro!
LEADER 00678nam a22001695a 4500
001 EEA.libagro006449
005 20180621125900.0
008 130809s1999####sp#a##########000#0#spa#d
020 |a 8474984726 
082 0 4 |a 635.3521 
100 1 |a Nuez, F. 
245 1 0 |a Colección de semillas de coliflor y bróculi /  |c F. Nuez ... [et al.]. 
260 |a Madrid :  |b Instituto Nacional de Investigación y Tecnología Agraria y Alimentaria,  |c 1999. 
300 |a 120 p. :  |b il. ;  |c 24 cm. 
490 1 |a Monografias INIA : Agrícola,  |x 1575-6092 ;  |v 1 
710 2 |a Instituto Nacional de Investigación y Tecnología Agraria y Alimentaria (España) 
859 |a AR-BbBCA  |b BIB. AGRONOMIA  |h 635.3521  |i N964  |p 2000/3815